000 00625nam a22001937a 4500
005 20180504105652.0
010 _aENG-122882
020 _a9789386702890
_c599.00
035 _aEN-106414
037 _bDBAD/PUB
082 _a398.9082
100 _aSchipper, Mineke
245 _aNever marry a woman with big feet :
_cby Mineke Schipper
_bwomen in proverbs from around the world /
260 _aNew Delhi
_bSpeaking Tiger
_c2017
270 _a4381/4, Ansari Road, Daryaganj,
_bNew Delhi
_e110002
300 _a443p.
_c21cm(pbk)
500 _aIt include bibliography
942 _2ddc
_cEN
_mSCH
_h398.9082
999 _c151879
_d151879